Far from home /

Bibliographic Details
Main Author: Tevis, Walter S.
Format: Book
Language:English
Published: Garden City, N.Y. : Doubleday, 1981.
Edition:1st ed.

MARC

Tag First Indicator Second Indicator Subfields
LEADER 00000pam a2200000 a 4500
001 in00000073839
005 20151008054724.0
008 801009s1981 nyu 00011 engm
010 |a  80001073  
020 |a 038517036X :  |c $9.95 
035 |a (OCoLC)06891127 
035 |9 AAJ1491AM 
040 |a DLC  |c DLC  |d m.c.  |d TXA  |d UtOrBLW 
049 |a TXAM [Also in] [Sp Coll]  |c 1 [1422205]  |a TXAS  |c 2 [1422204] 
050 0 0 |a PS3570.E95  |b F37 
082 0 |a 813/.54  |2 19 
100 1 |a Tevis, Walter S. 
245 1 0 |a Far from home /  |c Walter Tevis. 
250 |a 1st ed. 
264 1 |a Garden City, N.Y. :  |b Doubleday,  |c 1981. 
300 |a 181 pages ;  |c 22 cm. 
336 |a text  |b txt  |2 rdacontent 
337 |a unmediated  |b n  |2 rdamedia 
338 |a volume  |b nc  |2 rdacarrier 
500 |a Sp Coll copy bears author's autograph. 
505 0 |a Close to home: Rent control -- A visit from Mother -- Daddy -- The apothesosis of Myra -- Out of luck -- Echo -- Sitting in limbo. Far from home: The other end of the line -- The big bounce -- The goldbrick -- The ifth of oofth.-- The scholar's disciple -- Far from home. 
999 |a MARS 
999 f f |s 7b9ac056-53df-36a9-a37c-28f9a6988713  |i fa329446-7458-39fd-a471-1533cbccaf90  |t 0 
952 f f |p ric  |a Texas A&M University  |b Rellis Campus  |c Joint Library Facility  |s JLF  |d Remote Storage  |t 0  |e PS3570.E95 F37  |h Library of Congress classification  |i unmediated -- volume  |m A14806193549 
998 f f |a PS3570.E95 F37  |t 0  |l Remote Storage